000 00406nam a22001697a 4500
020 _a9789364875714
082 _aM3
_bVIN/P
100 _aVinoy Thomas
245 _aProthaseesinte ithihasam/
_cby Vinoy Thomas
250 _a5th ed.
260 _aKottayam:
_bDC Books,
_c2025.
300 _a143p.
650 _aNovel Malayalam
650 _aLiterature Malayalam
650 _aLiterature
942 _cBK
999 _c181848
_d181848